Представление документа в формате MARC21

Поле Инд. ПП Название Значение
Тип записи a
Библиографический уровень a
001 Контрольный номер 4ac084089e194c1d98148b73076f2600
005 Дата корректировки 20180409143748.4
020 a ISBN 978-5-7609-0877-3
040 a Служба первич. каталог. НБ ТвГУ
b Код языка каталог. rus
e Правила каталог. PSBO
041 0_ a Код языка текста rus
097 b Оператор novikova
245 10 a Заглавие Использование явления недиагонального магнитоимпеданса для построения датчиков слабых магнитных полей и токов
260 a Место издания Тверь
b Издательство Тверской государственный университет
504 a Библиография Библиогр.: с. 218 (15 назв.)
520 0_ a Аннотация На основе эффекта недиагонального магнитоимпеданса при импульсном и гармоническом возбуждении разработан миниатюрный линейный сенсор магнитного поля с чувствительностью около 70 мВ/Э.
653 0_ a Ключевые слова Недиагональный магнитоимпеданс
a Ключевые слова Сенсор магнитного поля
a Ключевые слова Аморфный микропровод
a Ключевые слова Магнитное поле
a Ключевые слова Датчики
700 12 a Другие авторы Панина Лариса Владимировна
q Полное имя Панина Л. В.
700 12 a Другие авторы Юданов Николай Анатольевич
q Полное имя Юданов Н. А.
700 12 a Другие авторы Морченко Александр Тимофеевич
q Полное имя Морченко А. Т.
700 12 a Другие авторы Костишин Владимир Григорьевич
q Полное имя Костишин В. Г.
700 12 a Другие авторы Крутогин Дмитрий Григорьевич
q Полное имя Крутогин Д. Г.
700 12 a Другие авторы Руденок Александр Анатольевич
q Полное имя Руденок А. А.
773 18 w Контрольный № источника b125ed9d40bf48e5b6496ef88a3be752
t Название источника Физико-химические аспекты изучения кластеров, наноструктур и наноматериалов
d Место и дата издания Тверь : Тверской государственный университет , 2013
g Прочая информация Вып. 5. - С. 210-218
856 40 u URL http://texts.lib.tversu.ru/texts/11852t.pdf
x Примечание для ЭОР Справка УИС 2016
i Дата подключения ЭОР 20170426
x Примечание для ЭОР Реестр суммарного учета сетевых локальных документов
900 a Имя макрообъекта 11852t
901 t Тип документа a
920 a Оператор Нови